000
00305nam a2200145Ia 4500
100
_a
Ghoshal/Subrata
942
_c
BK
366
_f
20
245
_a
Digital Electronics
260
_b
Cengage Learning
_c
2012
082
_a
621.3815
_b
GHO
300
_a
506
546
_a
ENGLISH
_c
PAMPHALETS
999
_c
18385
_d
18385